| 000 | 00344 a2200157 4500 | ||
|---|---|---|---|
| 001 | 56798 | ||
| 020 | _a | ||
| 040 | _cAnchieta - Pituba | ||
| 100 | _aIannone, Leila Rentroia | ||
| 240 | 1 | 0 |
_aEu gosto tanto de vocĂȘ _lpor |
| 245 | 1 | 0 | _aEu gosto tanto de vocĂȘ |
| 300 | _a45 | ||
| 362 | 0 | _a1988 | |
| 650 | 4 | _aLiteratura juvenil | |
| 942 | _cBK | ||
| 999 |
_c56798 _d56798 |
||